| 000 | 01102nam a2200229 i 4500 | ||
|---|---|---|---|
| 001 | 162355 | ||
| 003 | ES-MaACL | ||
| 005 | 20251103200633.0 | ||
| 008 | 980918s1847 fr f |||| | ita d | ||
| 245 | 0 | 0 |
_aParnaso italiano _b: poeti italiani contemporanei maggiori e minori ; preceduti da un discorso preliminare intorno a Giuseppe Parini e il suo secolo / _cscritto da Cesare Cantu e seguiti da un saggio di rime di poetesse italiane antiche e moderne scelte da A. Ronna. |
| 260 |
_aParigi : _bBaudry Libreria Europea, _c1847. |
||
| 300 |
_aXX, 1008 [i.e. 1108] p., [1] h. de lám. ; _c21 cm. |
||
| 530 | _aDisponible en formato digital. | ||
| 597 | _aTexto a dos columnas. | ||
| 600 | 1 | 4 |
_aParini, Guiseppe ( _d1729-1799)- _xCritica e interpretacion. _9130857 |
| 650 | 1 | 7 |
_aPoesía italiana- _yS.XIX _2 _9164955 |
| 700 | 1 |
_aCantù, Cesare, _d1804-1895 _934697 |
|
| 700 | 1 |
_aRonna, A. ( _d1801-1866) _9164956 |
|
| 852 |
_aES-MaACL _jG-12568 _z- Enc. hol. |
||
| 856 |
_uhttp://bdh-rd.bne.es/viewer.vm?id=0000114642&page=1 _zBiblioteca Digital Hispánica |
||
| 999 |
_c162355 _d162355 |
||